| 000 | 01456nam a2200361 i 4500 | ||
|---|---|---|---|
| 001 | 000024239 | ||
| 003 | DO-SdBNP | ||
| 005 | 20251016111436.0 | ||
| 007 | ta | ||
| 008 | 110125s2010 dr ac 000 0 spa d | ||
| 020 | _a9789945074178 | ||
| 040 |
_aDO-SdBNP _bspa _cBNPHU _erda |
||
| 082 | 4 |
_a327.9729307291 _bB142a _222 |
|
| 100 | 1 |
_aBáez Pérez, Rafael Cucullo, _cCucullo _eautor _4aut. _934714 |
|
| 245 | 1 | 0 |
_aRaíces de una hermandad / _cRafael -Cucullo- Báez Pérez, Ysabel A. Paulino Cotes. |
| 264 | 4 |
_aSanto Domingo, República Dominicana : _bArchivo General de la Nación, _c©2010. |
|
| 300 |
_a251 páginas : _bilustraciones, retratos ; _c24 cm. |
||
| 336 |
_atexto _btxt _2rdacontent |
||
| 337 |
_asin mediación _bn _2rdamedia |
||
| 338 |
_avolumen _bnc _2rdacarrier |
||
| 490 | 0 |
_aColección Archivo General de la Nación _v120 |
|
| 500 | _aIncluye datos biográficos de los autores en las solapas | ||
| 500 | _aIncluye referencias bibliográficas y notas al pie de páginas. | ||
| 504 | _aBibliografía: páginas 193-195 | ||
| 590 | _aInventariado, 2024/BT | ||
| 650 | 4 |
_aDominicanos en cuba _949764 |
|
| 651 | 4 |
_aRepública Dominicana _xRelaciones con Cuba _949765 |
|
| 651 | 4 |
_aCuba _xRelaciones con República Dominicana _949766 |
|
| 651 | 4 |
_aRepública Dominicana _xEmigración e inmigración _9290 |
|
| 700 | 1 |
_aPaulino Cotes, Ysabel A. _eautor _4aut. _949767 |
|
| 910 | _aValidado. Control de calidad. EMS | ||
| 942 |
_2ddc _cLBS1 |
||
| 999 |
_c23733 _d23733 |
||